|
|
|
|
| LEADER |
00000nam a2200000 a 4500 |
| 001 |
UCO4753 |
| 003 |
CL-VaPUC |
| 008 |
000811e19630000FR |||||||||||||||||fre|d |
| 082 |
0 |
4 |
|a 843
|b BRE
|2 21
|
| 100 |
|
|
|a Breton, André
|e author
|9 268387
|
| 245 |
1 |
0 |
|a Nadja
|
| 300 |
|
|
|a 155 p
|
| 942 |
|
|
|c BK
|
| 945 |
|
|
|d 20000811 00:00:00
|a crobeson
|
| 260 |
|
|
|a París
|b Gallimard
|c 1963
|
| 650 |
|
0 |
|a Novela francesa
|9 264985
|
| 650 |
|
7 |
|a SURREALISMO EN LA LITERATURA
|2 CL-VaPUC
|9 266192
|
| 650 |
|
0 |
|a Literatura francesa
|9 266330
|
| 583 |
|
|
|a last modification
|c 20000811 00:00:00
|k Rodrigo Vera
|
| 999 |
|
|
|c 290750
|d 290748
|
| 952 |
|
|
|0 0
|1 0
|4 0
|6 843_000000000000000_BRE_1963
|7 0
|8 A
|9 340317
|a BIBART
|b BIBART
|d 2019-11-20
|i 1215450
|o 843 BRE 1963
|p 1215450
|r 2025-03-13
|w 2019-11-20
|y BK
|k ART
|